[Event "Tradewise Gibraltar Masters 14th"]
[Site "Gibraltar"]
[Date "2016.01.27"]
[Round "2.24"]
[White "Edouard, Romain"]
[Black "Padmini, Rout"]
[Result "1/2-1/2"]
[WhiteElo "2617"]
[BlackElo "2427"]
[PlyCount "71"]
[EventDate "2016.01.26"]
[EventType "swiss"]
[EventRounds "10"]
[EventCountry "GGB"]
[Source "www.saund.co.uk"]
[SourceDate "2005.02.07"]

1. e4 c5 2. Nf3 e6 3. d4 cxd4 4. Nxd4 Nc6 5. Nc3 Qc7 6. g3 a6 7. Bg2 Nf6 8. O-O
Nxd4 9. Qxd4 Bc5 10. Bf4 d6 11. Qd3 Nd7 12. Qd2 Ne5 13. b4 Ba7 14. Rad1 Bb8 15.
Bxe5 dxe5 16. Na4 Ba7 17. c4 Bd7 18. Nb2 Bd4 19. c5 O-O 20. Nc4 Bb5 21. Rc1
Rfd8 22. a4 Bxc4 23. Rxc4 a5 24. Rb1 axb4 25. Qxb4 Qa5 26. Qxa5 Rxa5 27. Rxb7
Rxc5 28. Bf1 g6 29. Rxc5 Bxc5 30. Rc7 Bb6 31. Rc6 Ba7 32. Rc2 Rd4 33. a5 Ra4
34. a6 Bd4 35. Kg2 h5 36. h4 1/2-1/2

[Event "Tradewise Gibraltar Masters 14th"]
[Site "Gibraltar"]
[Date "2016.01.27"]
[Round "2.25"]
[White "Holm, Kristian Stuvik"]
[Black "Erdos, Viktor"]
[Result "1/2-1/2"]
[WhiteElo "2417"]
[BlackElo "2613"]
[PlyCount "59"]
[EventDate "2016.01.26"]
[EventType "swiss"]
[EventRounds "10"]
[EventCountry "GGB"]
[Source "www.saund.co.uk"]
[SourceDate "2005.02.07"]

1. d4 Nf6 2. c4 e6 3. Nc3 Bb4 4. Qc2 d5 5. a3 Bxc3+ 6. Qxc3 c5 7. dxc5 d4 8.
Qg3 Nc6 9. b4 e5 10. e4 O-O 11. Bd3 b6 12. Nf3 Nh5 13. Qg5 Qxg5 14. Bxg5 bxc5
15. Bd2 f5 16. b5 Nf6 17. bxc6 fxe4 18. Nxe5 exd3 19. O-O Ne4 20. Ba5 d2 21.
Rad1 Re8 22. f4 Ba6 23. Bxd2 Nd6 24. Rc1 Rac8 25. Rfe1 Re6 26. Ba5 Nf7 27. Nxf7
Kxf7 28. c7 g6 29. Kf2 Ke7 30. Rxe6+ 1/2-1/2

[Event "Tradewise Gibraltar Masters 14th"]
[Site "Gibraltar"]
[Date "2016.01.27"]
[Round "2.26"]
[White "Gupta, Abhijeet"]
[Black "Neef, Maximilian"]
[Result "1-0"]
[WhiteElo "2613"]
[BlackElo "2423"]
[PlyCount "59"]
[EventDate "2016.01.26"]
[EventType "swiss"]
[EventRounds "10"]
[EventCountry "GGB"]
[Source "www.saund.co.uk"]
[SourceDate "2005.02.07"]

1. d4 Nf6 2. c4 g6 3. Nc3 Bg7 4. e4 d6 5. Nf3 O-O 6. Be2 e5 7. d5 a5 8. Bg5 h6
9. Be3 Ng4 10. Bd2 f5 11. h3 Nf6 12. exf5 gxf5 13. Qc1 f4 14. g3 e4 15. Nh4 e3
16. fxe3 fxg3 17. Ng6 Re8 18. Rg1 Na6 19. Nf4 Nc5 20. Qc2 Nfe4 21. Nxe4 Nxe4
22. Bd3 Bf5 23. O-O-O a4 24. Ne6 Qh4 25. Nxg7 Kxg7 26. Rdf1 Qxh3 27. Bc3+ Kh7
28. Rxf5 Qxf5 29. Rf1 Qg6 30. Rf6 1-0

[Event "Tradewise Gibraltar Masters 14th"]
[Site "Gibraltar"]
[Date "2016.01.27"]
[Round "2.27"]
[White "Teran Alvarez, Ismael"]
[Black "Lenic, Luka"]
[Result "0-1"]
[WhiteElo "2416"]
[BlackElo "2611"]
[PlyCount "66"]
[EventDate "2016.01.26"]
[EventType "swiss"]
[EventRounds "10"]
[EventCountry "GGB"]
[Source "www.saund.co.uk"]
[SourceDate "2005.02.07"]

1. e4 e5 2. Nf3 Nc6 3. Bb5 a6 4. Ba4 Nf6 5. O-O Be7 6. Re1 b5 7. Bb3 d6 8. c3
O-O 9. h3 Bb7 10. d4 Re8 11. Ng5 Rf8 12. Nf3 Re8 13. Nbd2 exd4 14. cxd4 Nd7 15.
Nf1 Na5 16. Bc2 Bf6 17. Ng3 g6 18. Bf4 c5 19. Bxd6 cxd4 20. b3 Nc6 21. Bd3 Nde5
22. Bxe5 Nxe5 23. Nxe5 Bxe5 24. Ne2 Bc7 25. Qd2 Bxe4 26. Bxe4 Rxe4 27. Red1 d3
28. Nc1 Qd6 29. g3 Bb6 30. Kg2 Rd4 31. Qe3 Rd8 32. Qf3 Rd5 33. Rd2 Rf5 0-1

[Event "Tradewise Gibraltar Masters 14th"]
[Site "Gibraltar"]
[Date "2016.01.27"]
[Round "2.28"]
[White "Bachmann, Axel"]
[Black "Santiago, Yago De Moura"]
[Result "1/2-1/2"]
[WhiteElo "2610"]
[BlackElo "2422"]
[PlyCount "87"]
[EventDate "2016.01.26"]
[EventType "swiss"]
[EventRounds "10"]
[EventCountry "GGB"]
[Source "www.saund.co.uk"]
[SourceDate "2005.02.07"]

1. Nf3 Nf6 2. c4 e6 3. g3 d5 4. b3 Be7 5. Bg2 O-O 6. O-O c5 7. Bb2 Nc6 8. e3 b6
9. Nc3 Ba6 10. Qe2 Qd7 11. d3 Rfd8 12. Ne1 Rac8 13. g4 d4 14. Ne4 Nxe4 15. Bxe4
Bb7 16. Ng2 Bd6 17. exd4 Nxd4 18. Bxd4 cxd4 19. f4 Bxe4 20. Qxe4 f5 21. Qf3
fxg4 22. Qxg4 Rf8 23. Rae1 Rf6 24. Re4 Rcf8 25. Kh1 Qf7 26. Rg1 Qb7 27. h3 Rg6
28. Qe2 Bxf4 29. Rf1 e5 30. Rf3 Rgf6 31. b4 Qc6 32. b5 Qd6 33. a4 Qa3 34. Nxf4
exf4 35. Kh2 Qxa4 36. Rxd4 Qa1 37. Re4 Rg6 38. Qf2 Rgf6 39. d4 Qc1 40. Qe2 Rg6
41. Rf1 Qa3 42. Rf3 Qc1 43. Rf1 Qa3 44. Rf3 1/2-1/2

[Event "Tradewise Gibraltar Masters 14th"]
[Site "Gibraltar"]
[Date "2016.01.27"]
[Round "2.29"]
[White "Sandipan, Chanda"]
[Black "Ben Artzi, Ido"]
[Result "1-0"]
[WhiteElo "2583"]
[BlackElo "2418"]
[PlyCount "111"]
[EventDate "2016.01.26"]
[EventType "swiss"]
[EventRounds "10"]
[EventCountry "GGB"]
[Source "www.saund.co.uk"]
[SourceDate "2005.02.07"]

1. Nf3 Nf6 2. g3 g6 3. Bg2 Bg7 4. O-O d5 5. d4 O-O 6. c4 c6 7. Qb3 a5 8. a4
dxc4 9. Qxc4 Be6 10. Qc2 Na6 11. Bf4 Nb4 12. Qc1 Bd5 13. Be5 Ng4 14. Bxg7 Kxg7
15. Nbd2 f5 16. Rd1 Rc8 17. b3 Kg8 18. Qb2 c5 19. Nc4 Bxc4 20. bxc4 cxd4 21. h3
Nf6 22. Nxd4 Qb6 23. Qb3 Rc5 24. Qe3 Rfc8 25. Qxe7 Re8 26. Qxb7 Qxb7 27. Bxb7
Rxc4 28. Rac1 Rxc1 29. Rxc1 Rb8 30. Bf3 Na2 31. Rc7 Rb4 32. Ne6 Rb6 33. Rc8+
Kf7 34. Nd8+ Ke7 35. Nc6+ Kd7 36. Ra8 Nc3 37. Nxa5 Rb4 38. Ra7+ Ke6 39. Nb7
Nfe4 40. Nd8+ Kd6 41. Rxh7 Rxa4 42. h4 Ra2 43. Nf7+ Kd5 44. h5 gxh5 45. Rxh5
Ke6 46. Nh6 f4 47. gxf4 Nxe2+ 48. Bxe2 Rxe2 49. Re5+ Kd7 50. Ng4 Nc3 51. Re3
Rc2 52. f5 Nd5 53. Rb3 Kc6 54. f6 Ra2 55. f3 Ra8 56. Ne5+ 1-0

[Event "Tradewise Gibraltar Masters 14th"]
[Site "Gibraltar"]
[Date "2016.01.27"]
[Round "2.30"]
[White "Nagy, Gabor"]
[Black "Tregubov, Pavel V"]
[Result "1/2-1/2"]
[WhiteElo "2413"]
[BlackElo "2582"]
[PlyCount "83"]
[EventDate "2016.01.26"]
[EventType "swiss"]
[EventRounds "10"]
[EventCountry "GGB"]
[Source "www.saund.co.uk"]
[SourceDate "2005.02.07"]

1. Nf3 d5 2. d4 Nf6 3. c4 c6 4. Nc3 dxc4 5. a4 Bf5 6. e3 e6 7. Bxc4 Bb4 8. O-O
Nbd7 9. h3 Bg6 10. Qe2 O-O 11. Rd1 Qe7 12. Nh4 Bh5 13. g4 Nd5 14. Ng2 Bg6 15.
Na2 N7f6 16. f3 Nb6 17. Nxb4 Qxb4 18. b3 Nxc4 19. bxc4 Rfd8 20. Ba3 Qa5 21. e4
Rd7 22. Qd2 Qa6 23. Qb4 h6 24. e5 Nh7 25. Qc3 Qxa4 26. Ne3 c5 27. d5 Rdd8 28.
Bxc5 Qe8 29. f4 b6 30. Bd6 Be4 31. Qd4 f5 32. exf6 Rxd6 33. Qxe4 Nxf6 34. Qe5
Rad8 35. Rxa7 R8d7 36. Rda1 exd5 37. Qxe8+ Nxe8 38. Rxd7 Rxd7 39. cxd5 Nd6 40.
Ra6 b5 41. Nc2 Nc4 42. Nb4 1/2-1/2

[Event "Tradewise Gibraltar Masters 14th"]
[Site "Gibraltar"]
[Date "2016.01.27"]
[Round "2.31"]
[White "Grigoriants, Sergey"]
[Black "Docx, Stefan"]
[Result "1/2-1/2"]
[WhiteElo "2580"]
[BlackElo "2416"]
[PlyCount "61"]
[EventDate "2016.01.26"]
[EventType "swiss"]
[EventRounds "10"]
[EventCountry "GGB"]
[Source "www.saund.co.uk"]
[SourceDate "2005.02.07"]

1. Nf3 c5 2. c4 Nc6 3. d4 cxd4 4. Nxd4 Nf6 5. Nc3 e6 6. a3 Be7 7. e4 O-O 8. Nf3
Qc7 9. Be2 b6 10. Bg5 Bb7 11. Rc1 Rad8 12. O-O Qb8 13. Qd2 Rfe8 14. Rfe1 d6 15.
Bf1 h6 16. Bf4 Ne5 17. Qd1 Ng6 18. Bd2 d5 19. cxd5 exd5 20. exd5 Nxd5 21. Nxd5
Bxd5 22. Bc4 Bxc4 23. Rxc4 Bf6 24. Rxe8+ Rxe8 25. Bc3 b5 26. Rc5 Qb6 27. Qd7
Rd8 28. Rc8 Rxc8 29. Qxc8+ Kh7 30. Bxf6 Qxf6 31. Qc2 1/2-1/2

[Event "Tradewise Gibraltar Masters 14th"]
[Site "Gibraltar"]
[Date "2016.01.27"]
[Round "2.32"]
[White "Martinez Martin, David"]
[Black "Perez Ponsa, Federico"]
[Result "1/2-1/2"]
[WhiteElo "2407"]
[BlackElo "2577"]
[PlyCount "112"]
[EventDate "2016.01.26"]
[EventType "swiss"]
[EventRounds "10"]
[EventCountry "GGB"]
[Source "www.saund.co.uk"]
[SourceDate "2005.02.07"]

1. e4 c5 2. Nf3 d6 3. Bb5+ Bd7 4. Bxd7+ Nxd7 5. O-O Ngf6 6. Qe2 e6 7. c3 Be7 8.
d4 O-O 9. e5 Ne8 10. dxc5 Nxc5 11. Rd1 Qc7 12. Na3 a6 13. Bf4 b5 14. c4 b4 15.
Nc2 dxe5 16. Bxe5 Qb7 17. b3 Nf6 18. Nfd4 Rfc8 19. Qe1 Nfd7 20. Bg3 Ne4 21.
Nxe6 fxe6 22. Rxd7 Qxd7 23. Qxe4 Bf6 24. Be5 Bxe5 25. Qxe5 Qd2 26. Qxe6+ Kh8
27. Ne3 Rf8 28. Rf1 Qxa2 29. c5 Qe2 30. c6 Rae8 31. Qd6 Rf6 32. Qc5 Rc8 33. c7
Rf7 34. Nd5 Qe5 35. Qc4 Qd6 36. Re1 h6 37. Qe4 Rfxc7 38. Nxc7 Rxc7 39. Qe8+ Kh7
40. Qe4+ g6 41. h4 h5 42. Qe8 Qf6 43. g3 Rf7 44. Re2 a5 45. Qe5 Qf3 46. Qe3 Qd5
47. Rd2 Qb7 48. Kh2 Re7 49. Qd4 Rf7 50. Kg1 Qf3 51. Qd5 Qxd5 52. Rxd5 Rf3 53.
Rxa5 Rxb3 54. Ra7+ Kg8 55. Rb7 Rb1+ 56. Kg2 Rb3 1/2-1/2

[Event "Tradewise Gibraltar Masters 14th"]
[Site "Gibraltar"]
[Date "2016.01.27"]
[Round "2.33"]
[White "Vazquez Igarza, Renier"]
[Black "Rydl, Jiri"]
[Result "1-0"]
[WhiteElo "2572"]
[BlackElo "2412"]
[PlyCount "83"]
[EventDate "2016.01.26"]
[EventType "swiss"]
[EventRounds "10"]
[EventCountry "GGB"]
[Source "www.saund.co.uk"]
[SourceDate "2005.02.07"]

1. Nf3 d5 2. c4 c6 3. e3 Bg4 4. Qb3 Qc7 5. Nc3 Bxf3 6. gxf3 e6 7. d4 Nd7 8.
cxd5 exd5 9. e4 Ngf6 10. Be3 Qb6 11. Qc2 Be7 12. Rg1 g6 13. O-O-O Nf8 14. Kb1
Ne6 15. f4 Bb4 16. f5 gxf5 17. exf5 Nf8 18. Bg5 N8d7 19. Qe2+ Kd8 20. Na4 Qc7
21. Rg3 h6 22. Bc1 b5 23. Nc5 Nxc5 24. dxc5 Bxc5 25. Qc2 Qd6 26. Bg2 Kd7 27.
Rf3 Rhg8 28. Bh3 Rae8 29. Bf4 Qf8 30. Rc3 Bd6 31. Be3 Rc8 32. Bxa7 Qe7 33. Bd4
Rc7 34. Re3 Qd8 35. Bb6 Bxh2 36. Qc3 Bf4 37. Re2 Bg5 38. Rde1 Kc8 39. a3 Qd7
40. Bxc7 Qxc7 41. Re7 Qb6 42. Rxf7 1-0

[Event "Tradewise Gibraltar Masters 14th"]
[Site "Gibraltar"]
[Date "2016.01.27"]
[Round "2.34"]
[White "Kohlweyer, Bernd"]
[Black "Donchenko, Alexander"]
[Result "0-1"]
[WhiteElo "2404"]
[BlackElo "2570"]
[PlyCount "50"]
[EventDate "2016.01.26"]
[EventType "swiss"]
[EventRounds "10"]
[EventCountry "GGB"]
[Source "www.saund.co.uk"]
[SourceDate "2005.02.07"]

1. Nf3 c5 2. g3 Nc6 3. Bg2 e5 4. e4 g6 5. O-O Bg7 6. c3 Nge7 7. a3 d5 8. exd5
Nxd5 9. b4 cxb4 10. axb4 e4 11. Re1 O-O 12. Rxe4 Bf5 13. Re1 Ndxb4 14. Ba3 Nc2
15. Bxf8 Bxf8 16. Ra2 Nxe1 17. Nxe1 Qb6 18. d3 Rd8 19. Qc2 Ne5 20. Be4 Bxe4 21.
dxe4 Bc5 22. Rb2 Qa6 23. h3 Rd6 24. Ra2 Qc6 25. Kg2 Nd3 0-1

[Event "Tradewise Gibraltar Masters 14th"]
[Site "Gibraltar"]
[Date "2016.01.27"]
[Round "2.35"]
[White "Oparin, Grigoriy"]
[Black "Vogt, Lothar"]
[Result "1-0"]
[WhiteElo "2565"]
[BlackElo "2409"]
[PlyCount "67"]
[EventDate "2016.01.26"]
[EventType "swiss"]
[EventRounds "10"]
[EventCountry "GGB"]
[Source "www.saund.co.uk"]
[SourceDate "2005.02.07"]

1. e4 c5 2. Nf3 Nc6 3. d4 cxd4 4. Nxd4 g6 5. c4 Nf6 6. Nc3 d6 7. Nc2 Bg7 8. Be2
O-O 9. O-O Be6 10. Rb1 a6 11. b3 Qa5 12. Bd2 Rfc8 13. Kh1 Qd8 14. a4 Bd7 15. f4
e6 16. Be1 Ne8 17. Qd3 Ne7 18. Ne3 Qb6 19. Nc2 Rd8 20. Bh4 Bf6 21. Bxf6 Nxf6
22. Qg3 d5 23. Qh4 Kg7 24. f5 dxe4 25. c5 Qxc5 26. Qxf6+ Kxf6 27. Nxe4+ Ke5 28.
Nxc5 Nxf5 29. Rbc1 Bc6 30. Bxa6 Kd6 31. Nxb7+ Bxb7 32. Bxb7 Rab8 33. Be4 Rxb3
34. g4 1-0

[Event "Tradewise Gibraltar Masters 14th"]
[Site "Gibraltar"]
[Date "2016.01.27"]
[Round "2.36"]
[White "Kuipers, Stefan"]
[Black "Tari, Aryan"]
[Result "0-1"]
[WhiteElo "2399"]
[BlackElo "2556"]
[PlyCount "56"]
[EventDate "2016.01.26"]
[EventType "swiss"]
[EventRounds "10"]
[EventCountry "GGB"]
[Source "www.saund.co.uk"]
[SourceDate "2005.02.07"]

1. e4 e5 2. Nf3 Nc6 3. Bb5 a6 4. Ba4 Nf6 5. d3 d6 6. c3 Be7 7. Nbd2 O-O 8. Nf1
b5 9. Bc2 d5 10. exd5 Nxd5 11. Ng3 b4 12. Ba4 Bb7 13. Bxc6 Bxc6 14. Nxe5 Bb7
15. c4 Bf6 16. Nf3 Re8+ 17. Kf1 Nb6 18. Qc2 Qd7 19. Be3 Rad8 20. Rd1 Na4 21. d4
c5 22. d5 Nxb2 23. Rc1 Bc3 24. Qb3 a5 25. Rxc3 bxc3 26. Qxc3 Nd1 27. Qxa5 Ra8
28. Qd2 Qa4 0-1

[Event "Tradewise Gibraltar Masters 14th"]
[Site "Gibraltar"]
[Date "2016.01.27"]
[Round "2.37"]
[White "Muzychuk, Mariya"]
[Black "Codenotti, Marco"]
[Result "1/2-1/2"]
[WhiteElo "2554"]
[BlackElo "2406"]
[PlyCount "104"]
[EventDate "2016.01.26"]
[EventType "swiss"]
[EventRounds "10"]
[EventCountry "GGB"]
[Source "www.saund.co.uk"]
[SourceDate "2005.02.07"]

1. e4 c5 2. Nf3 d6 3. c3 Nf6 4. Be2 Nc6 5. d4 cxd4 6. cxd4 d5 7. e5 Ne4 8. O-O
Bg4 9. Be3 e6 10. Ne1 Bxe2 11. Qxe2 h6 12. f3 Ng5 13. Nc3 Be7 14. Qd3 O-O 15.
f4 Nb4 16. Qb1 Ne4 17. a3 Nxc3 18. bxc3 Nc6 19. f5 exf5 20. Qxf5 Bg5 21. Nc2
Rc8 22. e6 Rc7 23. Rae1 g6 24. exf7+ Kg7 25. Bxg5 Qxg5 26. Qxg5 hxg5 27. Nb4
Nxb4 28. cxb4 Rcxf7 29. Rxf7+ Rxf7 30. h3 b5 31. Rc1 a6 32. Rc5 Rf5 33. Rc7+
Rf7 34. Rc5 Rf5 35. Kh2 Rf2 36. Rc7+ Kf6 37. Rc6+ Kf5 38. Rxa6 Ra2 39. Ra5 g4
40. hxg4+ Ke4 41. Rxb5 Rxa3 42. Rb6 g5 43. Rg6 Kf4 44. Rf6+ Kxg4 45. Rd6 Rb3
46. Rxd5 Rxb4 47. Rd8 Ra4 48. d5 Rd4 49. Kg1 Kg3 50. Kf1 g4 51. d6 Rd5 52. Rd7
Rd4 1/2-1/2

[Event "Tradewise Gibraltar Masters 14th"]
[Site "Gibraltar"]
[Date "2016.01.27"]
[Round "2.38"]
[White "Khademalsharieh, Sarasadat"]
[Black "Lalith, Babu M R"]
[Result "0-1"]
[WhiteElo "2392"]
[BlackElo "2553"]
[PlyCount "82"]
[EventDate "2016.01.26"]
[EventType "swiss"]
[EventRounds "10"]
[EventCountry "GGB"]
[Source "www.saund.co.uk"]
[SourceDate "2005.02.07"]

1. d4 Nf6 2. c4 e6 3. Nf3 b6 4. g3 Bb7 5. Bg2 Bb4+ 6. Bd2 c5 7. O-O O-O 8. dxc5
Bxc5 9. Nc3 Be7 10. Bf4 d6 11. Qd2 Qc8 12. b3 Rd8 13. Rac1 Nbd7 14. Rfd1 Nc5
15. h3 h6 16. Qb2 Nce4 17. Nxe4 Nxe4 18. Be3 Bf6 19. Nd4 Nc5 20. Qb1 Bxg2 21.
Kxg2 Qb7+ 22. f3 a6 23. b4 Nd7 24. Nb3 Ne5 25. c5 dxc5 26. bxc5 b5 27. Na5 Qc7
28. Qb4 Be7 29. Rxd8+ Rxd8 30. a4 Rb8 31. Bf4 g5 32. Bd2 Nd7 33. Nb3 Qe5 34.
Kf2 bxa4 35. Qxa4 Nxc5 36. Qd4 Qxd4+ 37. Nxd4 Rb2 38. Ke3 Bd6 39. Bc3 Rb7 40.
f4 Nb3 41. Rb1 Bc5 0-1

[Event "Tradewise Gibraltar Masters 14th"]
[Site "Gibraltar"]
[Date "2016.01.27"]
[Round "2.39"]
[White "Kosteniuk, Alexandra"]
[Black "Houska, Jovanka"]
[Result "1-0"]
[WhiteElo "2550"]
[BlackElo "2402"]
[PlyCount "69"]
[EventDate "2016.01.26"]
[EventType "swiss"]
[EventRounds "10"]
[EventCountry "GGB"]
[Source "www.saund.co.uk"]
[SourceDate "2005.02.07"]

1. e4 c6 2. Nc3 d5 3. Nf3 Bg4 4. Be2 e6 5. d4 Nf6 6. h3 Bh5 7. e5 Nfd7 8. g4
Bg6 9. h4 h5 10. gxh5 Bf5 11. Be3 a6 12. Ng5 c5 13. Bg4 Bxg4 14. Qxg4 Qe7 15.
O-O-O Nc6 16. f4 cxd4 17. Bxd4 Nxd4 18. Rxd4 O-O-O 19. Re1 Qe8 20. f5 Bc5 21.
Rf4 exf5 22. Rxf5 f6 23. e6 fxg5 24. Rxd5 Kb8 25. Qg3+ Ka8 26. exd7 Qf8 27.
Qxg5 Bb4 28. Kb1 Bxc3 29. bxc3 Qf3 30. Kb2 Kb8 31. Re6 Rhf8 32. Qe5+ Ka7 33.
Rdd6 Qf1 34. Re8 Qf7 35. Qc5+ 1-0

[Event "Tradewise Gibraltar Masters 14th"]
[Site "Gibraltar"]
[Date "2016.01.27"]
[Round "2.40"]
[White "Hauge, Lars Oskar"]
[Black "Muzychuk, Anna"]
[Result "0-1"]
[WhiteElo "2388"]
[BlackElo "2537"]
[PlyCount "58"]
[EventDate "2016.01.26"]
[EventType "swiss"]
[EventRounds "10"]
[EventCountry "GGB"]
[Source "www.saund.co.uk"]
[SourceDate "2005.02.07"]

1. d4 Nf6 2. Bg5 c5 3. d5 Ne4 4. Bf4 e6 5. f3 Bd6 6. Bxd6 Nxd6 7. e4 e5 8. c4
O-O 9. Nc3 f5 10. Bd3 b5 11. Nxb5 Nxb5 12. cxb5 fxe4 13. Bxe4 Qa5+ 14. Qd2 Qxb5
15. a4 Qb6 16. a5 Qb5 17. Ne2 d6 18. O-O Ba6 19. Rf2 Nd7 20. Nc3 Bb7 21. Bc2
Nf6 22. Ne4 Nxe4 23. Bxe4 Rab8 24. Qg5 Qd7 25. Qh4 g6 26. f4 exf4 27. g3 Qg7
28. Rxf4 Qxb2 29. Re1 Qd2 0-1

[Event "Tradewise Gibraltar Masters 14th"]
[Site "Gibraltar"]
[Date "2016.01.27"]
[Round "2.41"]
[White "Demuth, Adrien"]
[Black "Gaponenko, Inna"]
[Result "1/2-1/2"]
[WhiteElo "2535"]
[BlackElo "2393"]
[PlyCount "76"]
[EventDate "2016.01.26"]
[EventType "swiss"]
[EventRounds "10"]
[EventCountry "GGB"]
[Source "www.saund.co.uk"]
[SourceDate "2005.02.07"]

1. d4 d5 2. c4 e6 3. Nc3 c6 4. Nf3 Nf6 5. Bg5 dxc4 6. e4 b5 7. e5 h6 8. Bh4 g5
9. Nxg5 hxg5 10. Bxg5 Nbd7 11. g3 Bb7 12. Bg2 Qb6 13. exf6 c5 14. d5 O-O-O 15.
O-O b4 16. Rb1 Qa6 17. dxe6 Bxg2 18. e7 Bxf1 19. Kxf1 Qc6 20. Qd5 Qxd5 21.
exd8=Q+ Kxd8 22. Nxd5 Rxh2 23. Kg1 Rh5 24. f4 Nb6 25. Rd1 Nxd5 26. Rxd5+ Kc7
27. Re5 Kc6 28. Kf2 Bd6 29. Re8 Kd5 30. g4 Rh7 31. Rd8 c3 32. bxc3 bxc3 33. f5
c2 34. Bc1 Rh2+ 35. Kg1 Re2 36. Kf1 Rh2 37. Kg1 Re2 38. Kf1 Rh2 1/2-1/2

[Event "Tradewise Gibraltar Masters 14th"]
[Site "Gibraltar"]
[Date "2016.01.27"]
[Round "2.42"]
[White "Shvayger, Yuliya"]
[Black "Handke, Florian"]
[Result "0-1"]
[WhiteElo "2381"]
[BlackElo "2533"]
[PlyCount "78"]
[EventDate "2016.01.26"]
[EventType "swiss"]
[EventRounds "10"]
[EventCountry "GGB"]
[Source "www.saund.co.uk"]
[SourceDate "2005.02.07"]

1. e4 c5 2. Nf3 Nc6 3. Bb5 d6 4. O-O Bd7 5. Re1 Nf6 6. c3 a6 7. Bf1 Bg4 8. h3
Bxf3 9. Qxf3 e6 10. d3 Be7 11. Bf4 O-O 12. Nd2 d5 13. e5 Nd7 14. Qg4 Re8 15.
Nf3 b5 16. c4 Nf8 17. Rac1 Rb8 18. b3 Rb7 19. d4 dxc4 20. dxc5 Bxc5 21. bxc4 b4
22. Be3 Qa5 23. Qe4 Rc8 24. Bd3 Rd7 25. Bb1 Qb6 26. Qh4 a5 27. Qe4 Bxe3 28.
fxe3 Qc5 29. Bc2 Ng6 30. Ba4 Rdc7 31. Nd4 Ncxe5 32. Nb3 Qe7 33. c5 f5 34. Qc2
Qg5 35. Kh1 Qg3 36. Qd2 Nh4 37. Re2 Nhf3 38. gxf3 Nxf3 39. Qc2 Rxc5 0-1

[Event "Tradewise Gibraltar Masters 14th"]
[Site "Gibraltar"]
[Date "2016.01.27"]
[Round "2.43"]
[White "Al-Sayed, Mohammed"]
[Black "Solomon, Kenny"]
[Result "1-0"]
[WhiteElo "2530"]
[BlackElo "2390"]
[PlyCount "65"]
[EventDate "2016.01.26"]
[EventType "swiss"]
[EventRounds "10"]
[EventCountry "GGB"]
[Source "www.saund.co.uk"]
[SourceDate "2005.02.07"]

1. d4 Nf6 2. c4 e6 3. Nf3 b6 4. g3 Ba6 5. b3 Bb4+ 6. Bd2 Be7 7. Bg2 d5 8. cxd5
exd5 9. O-O O-O 10. Ne5 Bb7 11. Nc3 Na6 12. Qc2 Nb4 13. Qb2 c5 14. Rfd1 Qc8 15.
Rac1 Qe6 16. Nb5 Na6 17. dxc5 bxc5 18. b4 cxb4 19. Bf4 Qb6 20. Nd4 Rfc8 21. Nf5
Bf8 22. Be3 Qe6 23. Bh3 Qe8 24. Bd4 Ne4 25. Nd7 f6 26. Bxf6 gxf6 27. Nxf6+ Nxf6
28. Qxf6 Rxc1 29. Ne7+ Qxe7 30. Be6+ Qxe6 31. Qxe6+ Kh8 32. Rxc1 Nc5 33. Qf7
1-0

[Event "Tradewise Gibraltar Masters 14th"]
[Site "Gibraltar"]
[Date "2016.01.27"]
[Round "2.44"]
[White "Gulamali, Kazim"]
[Black "Gopal, Geetha Narayanan"]
[Result "1/2-1/2"]
[WhiteElo "2379"]
[BlackElo "2525"]
[PlyCount "60"]
[EventDate "2016.01.26"]
[EventType "swiss"]
[EventRounds "10"]
[EventCountry "GGB"]
[Source "www.saund.co.uk"]
[SourceDate "2005.02.07"]

1. e4 c5 2. Nf3 d6 3. d4 cxd4 4. Nxd4 Nf6 5. Nc3 a6 6. Be3 e5 7. Nb3 Be6 8. h3
Be7 9. Qf3 O-O 10. O-O-O b5 11. g4 b4 12. Nd5 Nxd5 13. exd5 Bc8 14. Bd3 Nd7 15.
Rhg1 a5 16. Kb1 Ba6 17. Bxa6 Rxa6 18. Qe2 Ra8 19. Nd2 Qc7 20. Ne4 Rfc8 21. g5
a4 22. Rd3 Kh8 23. Rg4 Rab8 24. Ng3 g6 25. Ne4 f5 26. gxf6 Nxf6 27. Nxf6 Bxf6
28. Re4 Rb7 29. h4 Qd7 30. Qg4 Qc7 1/2-1/2

[Event "Tradewise Gibraltar Masters 14th"]
[Site "Gibraltar"]
[Date "2016.01.27"]
[Round "2.45"]
[White "Cramling, Pia"]
[Black "Anurag, Mhamal"]
[Result "0-1"]
[WhiteElo "2523"]
[BlackElo "2387"]
[PlyCount "116"]
[EventDate "2016.01.26"]
[EventType "swiss"]
[EventRounds "10"]
[EventCountry "GGB"]
[Source "www.saund.co.uk"]
[SourceDate "2005.02.07"]

1. Nf3 Nf6 2. c4 b6 3. g3 Bb7 4. Bg2 c5 5. O-O e6 6. Nc3 d5 7. d4 Be7 8. Bg5
O-O 9. Bxf6 Bxf6 10. cxd5 exd5 11. Qd2 Na6 12. Rfd1 Qe7 13. Rac1 Rfd8 14. h4
Nc7 15. e3 c4 16. Ne2 b5 17. Nf4 g6 18. b3 a5 19. Qb2 Rab8 20. Ne5 Ba8 21. Rd2
Qf8 22. Qc2 Na6 23. Qd1 Be7 24. bxc4 bxc4 25. Qa4 Ba3 26. Rcd1 Qb4 27. Qc2 Qd6
28. Qa4 Qb4 29. Qc2 Qd6 30. Qa4 Nc7 31. e4 c3 32. Rc2 Rb4 33. Qxa5 Nb5 34. Nxd5
Bxd5 35. exd5 Rxd4 36. Rb1 Bb2 37. Nc6 Na3 38. Nxd4 Nxb1 39. Nb5 Qd7 40. a4 Re8
41. d6 Qf5 42. Kh2 Rf8 43. d7 Qxd7 44. Qb4 Qd1 45. Be4 Nd2 46. Nxc3 Nf3+ 47.
Bxf3 Qxc2 48. Nd1 Be5 49. Kg2 Rb8 50. Qe7 Bd4 51. Qd6 Ba7 52. Qd7 Bb6 53. Bd5
Rf8 54. h5 Kg7 55. Bf3 Rd8 56. Qb7 Bc5 57. Bd5 Qf5 58. Bf3 Rxd1 0-1

[Event "Tradewise Gibraltar Masters 14th"]
[Site "Gibraltar"]
[Date "2016.01.27"]
[Round "2.46"]
[White "Christiansen, Johan-Sebastian"]
[Black "Vishnu, Prasanna. V"]
[Result "0-1"]
[WhiteElo "2374"]
[BlackElo "2518"]
[PlyCount "106"]
[EventDate "2016.01.26"]
[EventType "swiss"]
[EventRounds "10"]
[EventCountry "GGB"]
[Source "www.saund.co.uk"]
[SourceDate "2005.02.07"]

1. Nf3 d5 2. c4 e6 3. g3 dxc4 4. Bg2 Nd7 5. O-O Ngf6 6. Qc2 a6 7. a4 Bd6 8.
Qxc4 b5 9. Qc2 Bb7 10. Nc3 Qb8 11. Re1 O-O 12. e4 c5 13. d3 Rc8 14. Bg5 b4 15.
Nd1 Ng4 16. Nd2 h6 17. Be3 a5 18. f4 e5 19. Nc4 exf4 20. Nxd6 Nxe3 21. Nxe3
Qxd6 22. Nf5 Qe5 23. gxf4 Qxf4 24. Ne7+ Kh8 25. Nxc8 Rxc8 26. Qe2 Ne5 27. Rf1
Qh4 28. Rf5 Qe7 29. Rd1 Rd8 30. Qf2 Bc8 31. Rf4 Be6 32. d4 cxd4 33. Rxd4 Nd3
34. Rxf7 Bxf7 35. Rxd8+ Qxd8 36. Qxf7 Qd4+ 37. Kf1 Qf6+ 38. Qxf6 gxf6 39. b3
Nc5 40. e5 fxe5 41. Bd5 Kg7 42. Kf2 Kf6 43. Kg3 Kf5 44. Kf3 Kg5 45. Kg3 e4 46.
Bg8 Kf5 47. Kh4 Kf4 48. Kh5 e3 49. Bc4 Nxb3 50. Kxh6 Nd4 51. h4 b3 52. h5 b2
53. Bd3 e2 0-1